[Event "Ubeda op 5th"]
[Site "Ubeda"]
[Date "2000.01.26"]
[Round "8"]
[White "Aronian, Levon"]
[Black "Gerstner, Wolfgang"]
[Result "1-0"]
[WhiteElo "2587"]
[BlackElo "2402"]
[Annotator "Horn,Pe"]
[PlyCount "47"]
[EventDate "2000.01.19"]
[EventType "swiss"]
[EventRounds "10"]
[EventCountry "ESP"]
[SourceTitle "CBM 075"]
[Source "ChessBase"]
[SourceDate "2000.04.05"]
[SourceVersion "1"]
[SourceVersionDate "2000.04.05"]
[SourceQuality "1"]

1. Nf3 d5 2. g3 Nf6 3. Bg2 Bf5 4. c4 c6 5. cxd5 cxd5 6. Qb3 Qc8 7. Nc3 e6 8. d3
Be7 9. Bf4 O-O 10. Rc1 Nc6 11. O-O Qd7 (11... Bg6 12. Ne5 Nd7 $8 13. Nxg6 hxg6
14. h4 $1 $14 {Kortschnoj,V-Karpov,A/Moscow 1974/Candidates}) 12. h3 {Ein
Nebenweg: Weiß unterbindet eine gelegentliches Ng4 oder Bg4 und bereitet so
die prinzipiellen Vorgehensweisen Pe2-e4 und Nf3-e5 vor.} ({Auch mit den
häufig gespielten Alternativen hat Schwarz so seine Schwierigkeiten:} 12. Ne5
Nxe5 13. Bxe5 Ng4 (13... Rfc8 $6 14. e4 Bg6 15. exd5 exd5 16. Nxd5 $16 {
Kirov,N-Kovacs,L/Copenhagen/1981}) (13... Bg6 14. e4 Ng4 (14... Rad8 15. exd5
exd5 16. Bxf6 Bxf6 17. Nxd5 Be5 18. d4 Bb8 (18... Bxd4 19. Rfd1 Be5 20. Nf6+)
19. Rfe1 Rfe8 20. Rxe8+ Rxe8 21. Ne3 Qxd4 22. Qxb7 $16 {Smyslov-Bronstein/
URS-ch/1974}) (14... dxe4 15. dxe4 Rad8 16. Rfd1 $14) 15. Bf4 d4 $1 (15... e5
$2 16. Nxd5 $1 Bd6 (16... exf4 17. Rc7 $18) 17. Bd2 $18 {Doda,Z-Kruszynski,W/
Gdynia 1973}) (15... dxe4 16. dxe4 e5 17. Nd5 Rfc8 18. Bh3 Bd6 19. f3 h5 20.
Be3 Rxc1 21. Rxc1 Rc8 22. Rd1 $16 {Pigusov-Maximenko/Riga/1988}) 16. Ne2 e5 17.
Bd2 Kh8 18. Bh3 f5 19. exf5 Bxf5 20. f3 Ne3 21. Bxf5 Nxf5 22. a4 {1/2:1/2/
Ibrahimov,R-Starostits,A/Oropesa del Mar/1999}) 14. Bd4 (14. Bf4 d4 15. Na4 e5
16. Bd2 Rab8 17. Nc5 Bxc5 18. Rxc5 Be6 19. Qc2 b6 20. Rc7 Rfc8 21. Rc1 Rxc7 22.
Qxc7 Rc8 23. Qxc8+ Qxc8 24. Rxc8+ Bxc8 25. Bb4 $14 {Neckar,L-Mozny,M/Prague/
1988}) 14... Bd6 15. Nb5 Bb8 16. e4 a6 17. Bc5 Rc8 18. Nd4 dxe4 19. dxe4 $16 {
Kirov-G.Agzamov/Potsdam/1985}) (12. e4 Bg6 (12... Bg4 13. Ne5 $1 (13. exd5 Bxf3
14. Bxf3 Nd4 15. Qd1 Nxf3+ 16. Qxf3 exd5 17. Be5 $14 {Doda,Z-Rogoff,K/Polanica
Zdroj 1974}) 13... Nxe5 14. Bxe5 dxe4 (14... Rfd8 $2 15. h3 Bh5 16. exd5 Nxd5
17. Nxd5 exd5 18. Rc7 $18 {Franke-Dahl/corr/1971}) 15. dxe4 {[%cal Yh2h3]} Rfd8
16. h3 Bh5 17. g4 Bg6 18. Rfd1 Qe8 19. Qxb7 $18 {Kaid,A-Reiter,H/GER 1998}) (
12... dxe4 13. dxe4 Nxe4 14. Nxe4 Bxe4 15. Ne5 Nxe5 16. Bxe4 Nc6 (16... Bf6 17.
Rfd1 Qe7 18. Qb5 a6 19. Qa5 Nc6 20. Bxc6 bxc6 21. Bd6 $16 {Dizdar-Haba/Halle/
1987}) 17. Rfd1 $44 Qc8 18. Qa4 Rd8 19. Rxd8+ Qxd8 (19... Bxd8) 20. Bxc6 bxc6
21. Qxc6 $14 {Barcza-Smyslov/Moskau ol/1956}) 13. exd5 (13. Nh4 d4 (13... Nd4
$11) 14. Nxg6 hxg6 15. Nb1 e5 16. Bd2 Rab8 17. h3 Nh7 18. f4 $14 {Velickovic,
Z-Kaunzinger,A/Nuremberg 1989}) 13... exd5 (13... Nxd5 14. Nxd5 exd5 15. Ne5
Nxe5 16. Bxe5 $16) 14. d4 (14. Rfd1 $143 Na5 (14... Bh5 $14) 15. Qc2 Bd6 $2 (
15... Nc6 $14) 16. Bg5 $16 {Forintos,G-Sallay,R/Budapest 1958}) 14... Na5 (
14... Be4 15. Ne5 $16) (14... Bd3 15. Rfd1 Bc4 16. Qc2) 15. Qd1 Ne4 16. Ne5 Qe6
17. Nb5 $18 {Brunner,L-Masserey,Y/Biel 1994}) (12. Rfe1 d4 (12... Bb4 13. Ne5
Nxe5 14. Bxe5 Bxc3 15. Qxc3 Rfc8 16. Qd4 $16 {Vaulin,A-Trombik,K/Policka 1995})
13. Nb1 Rac8 14. Na3 Nh5 $2 (14... Bxa3 $5 $11) 15. Ne5 Nxe5 16. Bxe5 f6 $2 17.
Rxc8 Rxc8 18. Qxb7 $1 $16 {Pejko,O-Dancs,Z/Sarospatak 1995}) 12... Rac8 ({
Alternativen sind} 12... d4) ({und} 12... Bg6) 13. e4 $1 $146 {Technisch mag
dies zwar eine Neuerung sein, da dies aber bereits einen Zug vorher gespielt
wurde, kommt der Zug hier sicher nicht überraschend.} ({Weniger überzeugen kann
} 13. Nb5 a6 14. Nbd4 Nxd4 15. Nxd4 Bg6 16. Nf3 Rxc1 17. Rxc1 {1/2-1/2 Sandor,
B-Stahlberg,G/Bucharest 1954}) 13... Bg6 (13... dxe4 14. dxe4 Nxe4 (14... Bxe4
15. Nxe4 Nxe4 16. Rcd1 $1 Qe8 (16... Nd6 $2 17. Bxd6 Bxd6 18. Qd3 Rfd8 19. Ng5
f5 20. Nxe6 $18) 17. Qxb7 $16) 15. Rcd1 Qe8 16. Qxb7 $14) 14. exd5 exd5 15. d4
$16 {[%csl Rd5] Weiß bestimmt hier ganz klar das Geschehen: der Pd5 ist
schwächer als sein Gegenspieler auf d4.} Na5 16. Qd1 Nc4 $2 {Damit vergrößern
sich die schwarzen Probleme, da der N hier auf wackeligen Beinen steht.} (16...
Bb4 {adressiert das Problem des schwachen Pd5.} 17. Ne5 Qe6 18. Re1 Bxc3 19.
Rxc3 Qb6 $16 (19... Rxc3 $2 20. Nxg6 $18)) 17. Ne5 Qf5 18. Qb3 (18. Nxc4 dxc4
19. Qa4 $16 (19. Bxb7 $16)) ({Zu wenig ergibt} 18. Nxd5 $2 Nxd5 19. Bxd5 Nxe5
20. Bxe5 Rxc1 21. Qxc1 Rc8 $132) 18... b6 (18... Nb6 19. a4 (19. Rfe1) (19. Nb5
) 19... Rfe8 20. a5 Nc4 21. Qxb7 Rb8 (21... Nxa5 22. Qxa7 $18) 22. Qxa7 Ra8 23.
Qb7 Rab8 24. Qc6 (24. Qxb8 $5) 24... Rbc8 25. Qb5 Rb8 26. Qa4 $18) (18... Na5
19. Nxd5 $18) 19. Rfe1 Rfe8 20. Ng4 Na5 (20... Nxg4 21. hxg4 Qd7 (21... Qxg4
22. Nxd5 $18 {[%csl Rc4,Re7]}) 22. Nxd5 $18) 21. Qb5 (21. Nxf6+ Bxf6 22. Rxe8+
Rxe8 23. Qb5 $18) 21... Kf8 22. Nxf6 Qxf6 (22... Bxf6 23. Bd6+ Be7 24. Rxe7
Rxe7 25. Re1 $18) 23. Nxd5 Rxc1 24. Qxe8+ (24. Qxe8+ Kxe8 25. Nxf6+ gxf6 26.
Rxc1 $18) 1-0

[Event "Biel"]
[Site "Biel"]
[Date "1994.??.??"]
[Round "11"]
[White "Brunner, Lucas"]
[Black "Masserey, Yvan"]
[Result "1-0"]
[WhiteElo "2525"]
[BlackElo "2300"]
[Annotator "Horn,Pe"]
[PlyCount "53"]
[EventDate "1994.07.??"]
[EventType "tourn"]
[EventRounds "11"]
[EventCountry "SUI"]
[EventCategory "10"]
[SourceTitle "CBM 043"]
[Source "ChessBase"]
[SourceDate "1994.12.01"]
[SourceVersion "1"]
[SourceVersionDate "1994.12.01"]
[SourceQuality "1"]

1. Nf3 Nf6 2. g3 d5 3. Bg2 Bf5 4. c4 c6 5. cxd5 cxd5 6. Qb3 Qc8 7. Nc3 e6 8.
O-O Nc6 9. d3 Be7 10. Bf4 O-O 11. Rac1 Qd7 (11... Bg6 $1 {played by Brunner})
12. e4 (12. Ne5 Nxe5 13. Bxe5 Bg6 (13... Ng4 14. Bd4 Bd6 15. Nb5 Bb8 16. e4 a6
17. Bc5 Rc8 18. Nd4 dxe4 19. dxe4 {Kirov-G.Agzamov/Potsdam/1985}) 14. e4 Rad8 (
14... dxe4 15. dxe4 Rad8 16. Rfd1 $14) (14... Ng4 15. Bf4 dxe4 16. dxe4 e5 17.
Nd5 Rfc8 18. Bh3 Bd6 19. f3 h5 20. Be3 Rxc1 21. Rxc1 Rc8 22. Rd1 $16 {
Pigusov-Maximenko/Riga/1988}) 15. exd5 exd5 16. Bxf6 Bxf6 17. Nxd5 Be5 18. d4
Bb8 (18... Bxd4 19. Rfd1 Be5 20. Nf6+) 19. Rfe1 Rfe8 20. Rxe8+ Rxe8 21. Ne3
Qxd4 22. Qxb7 $16 {Smyslov-Bronstein/URS-ch/1974}) 12... Bg6 (12... dxe4 13.
dxe4 Nxe4 14. Nxe4 Bxe4 15. Ne5 Nxe5 16. Bxe4 Nc6 (16... Bf6 17. Rfd1 Qe7 18.
Qb5 a6 19. Qa5 Nc6 20. Bxc6 bxc6 21. Bd6 $16 {Dizdar-Haba/Halle/1987}) 17. Rfd1
Qc8 18. Qa4 Rd8 19. Rxd8+ Qxd8 (19... Bxd8) 20. Bxc6 bxc6 21. Qxc6 $14 {
Barcza-Smyslov/Moskau ol/1956}) (12... Bg4 13. Ne5 Nxe5 14. Bxe5 Rfd8 15. h3
Bh5 16. exd5 Nxd5 17. Nxd5 exd5 18. Rc7 $18 {Franke-Dahl/corr/1971}) 13. exd5
exd5 (13... Nxd5 14. Nxd5 exd5 15. Ne5 Nxe5 16. Bxe5 $16) 14. d4 $146 (14. Ne5
$2 Nxe5 15. Bxe5 Bxd3 16. Rfd1 Bc4 $17 {Sehner-Fogarasi/Budapest/1991}) 14...
Na5 (14... Be4 15. Ne5 $16) (14... Bd3 15. Rfd1 Bc4 16. Qc2) 15. Qd1 Ne4 16.
Ne5 Qe6 17. Nb5 $18 Rad8 18. Nxg6 hxg6 19. Bc7 Nc6 20. Bxd8 Rxd8 21. Re1 Qf6
22. Bxe4 dxe4 23. Rxe4 a6 24. Rf4 Qe6 25. Nc3 f5 26. d5 Qf7 27. Qe2 1-0

[Event "Winterthur"]
[Site "Winterthur"]
[Date "1996.??.??"]
[Round "8"]
[White "Hug, Werner"]
[Black "Pelletier, Yannick"]
[Result "1/2-1/2"]
[WhiteElo "2445"]
[BlackElo "2440"]
[Annotator "Horn,Pe"]
[PlyCount "90"]
[EventDate "1996.09.??"]
[EventType "tourn"]
[EventRounds "11"]
[EventCountry "SUI"]
[EventCategory "9"]
[SourceTitle "CBM 055"]
[Source "ChessBase"]
[SourceDate "1996.12.01"]
[SourceVersion "1"]
[SourceVersionDate "1996.12.01"]
[SourceQuality "1"]

1. Nf3 {Donev} d5 2. g3 Bg4 3. Bg2 c6 4. c4 e6 5. cxd5 exd5 6. O-O Nf6 7. d3
Bd6 8. Qc2 {Die Qc2 unterstützt hier den geplanten Zentrumsvortoß e4. Loginov
hat viele Partien zu diesem Thema beigesteuert.} O-O 9. Nc3 Nbd7 10. e4 dxe4 (
10... Rc8 $6 11. h3 Bxf3 12. Bxf3 h5 $6 13. Bg2 Nc5 14. f4 Ne6 15. Kh1 Bc5 16.
Bd2 Qd7 17. e5 $16 {Spassov-Kolev/Bulgarien/1991}) 11. dxe4 Re8 12. h3 Bh5 (
12... Bxf3 {Diese Art, das Läuferpaar aufzugeben, gefällt mir besser als die
von Pelletier gewählte, da Schwarz hier Zeit gewinnt (der Bf3 muß doch nach g2
zurück).} 13. Bxf3 Qe7 14. Bg2 Bb4 15. Bd2 (15. Kh2 $5) 15... Nb6 (15... Bxc3
$6 16. Bxc3 Nxe4 $2 17. Rae1 $16) 16. Qb3 Bc5 17. Rae1 Rad8 18. Re2 Nfd7 19.
Kh2 Nf8 20. Qc2 Ne6 $132 {Loginov-Soffer/Budapest/1993}) 13. Nh4 Bg6 {Das
scheint mir nicht konsequent (nach Bh5) zu sein.} (13... Bc5 14. Kh2 Nf8 {
[%cal Yf8e6,Ye6d4]}) (13... Bb4 14. f4 Nb6) 14. Nxg6 $14 hxg6 15. Kh2 (15. f4
$5) 15... Bb4 16. f4 Bxc3 (16... Qe7 $6 17. e5) (16... Nb6 17. e5) 17. bxc3 Qe7
18. e5 Nd5 19. Rb1 Rab8 20. Bd2 (20. Bxd5 cxd5 21. Be3 b6 22. Rfd1 Qe6 23. Qg2
Nf6 (23... Rbc8 24. Qxd5 Rxc3 25. Qxe6 Rxe6 26. Rxd7 Rxe3 27. Rc1 $16) 24. Bd4
Nh7 (24... Ne4 25. c4 $18) 25. Rb5 Rbd8 26. Bf2 $16) 20... Qc5 21. Rbe1 (21.
Rfe1) 21... Nc7 22. Re4 {[%cal Yd2e3] /\ Be3,Ra4} (22. Be3 Qa5 23. c4 $16)
22... Nb6 23. Be3 Qb5 24. c4 $2 (24. Rb1 $1 Qd5 (24... Qa5 25. Rxb6 axb6 26.
Ra4 Qb5 27. c4 $18) (24... Qa6 25. Bxb6 axb6 26. Ra4 $18) 25. Reb4 $18) 24...
Qa5 25. Rb1 (25. c5 Nbd5 26. Bd2 Qa6 27. Ra4 $18) (25. Qf2 $142 {Donev,I} Ne6
26. f5 gxf5 27. Qxf5 Re7 28. Rh4 $18) 25... Ne6 26. c5 (26. Qf2 $5) 26... Nd5
27. Bf2 {[%cal Re4a4]} Qc3 28. Rc4 (28. Qe2 Qa5 (28... Nxc5 $4 29. Rc4 $18) 29.
Rc4 $16) 28... Qxc2 29. Rxc2 Red8 30. Rb3 Rd7 31. Rcb2 Nd8 32. h4 (32. a4 $5) (
32. Rd3 Ne6 33. Bxd5 Rxd5 $8 34. Rxd5 cxd5 35. a4 $16) (32. Rd2 $1 {Für Weiß
ist es wichtig, einen Turm zu tauschen, darum sollte er die enzige offene
Linie nicht verlasen.} Ne6 33. h4 $16) 32... Nc7 33. Bf3 (33. g4 Nce6 34. Kg3)
33... Nce6 34. Kg2 Rc8 35. h5 $6 {Soweit ich sehen kann, erhöht dieser
Abtausch nur die schwarzen Remischancen.} (35. Ra3 $5 {Die folgende Variante
soll nur demonstrieren, daß Schwarz noch lange nicht alle Probleme gelöst hat.}
Ra8 36. Kf1 Kf8 37. Ke2 Nd4+ 38. Bxd4 Rxd4 39. Rc3 Rc8 40. Ke3 Rd7 41. Ra3 a6
42. Bg4 Ne6 43. Bxe6 fxe6 44. Rab3 Rcc7 45. Kf3 Ke7 (45... Rd5 46. Rxb7 Rxb7
47. Rxb7 Rxc5 48. Kg4 Rc3 49. Rb6 a5 50. Ra6 Ra3 51. Rxc6 Rxa2 52. Rxe6) 46.
Kg4 Kf7 47. Kg5 $16) (35. Ra3 {Donev,I}) 35... gxh5 36. Bxh5 g6 37. Bg4 Rcc7
38. Ra3 a6 39. Rc3 (39. Rab3 $16) 39... Rd5 40. Bf3 Rdd7 41. Rc4 (41. Rc1 Nd4
42. Bg4) 41... Rd3 42. Be2 Rd5 43. Bf3 Rd3 44. Be2 Rd5 45. Bf3 (45. Kf3 {
Donev,I} Re7 46. Ke4 f5+ (46... f6) 47. Kf3 (47. exf6 Ng5#) 47... Rh7 (47... g5
)) 45... Rd3 $14 {Wenn der Anziehende den aktiven Rd3 tauschen könnte, dann
sollte er mitels des Bauernmarsches g3-g4 nebst f4-f5 großen Vorteil bekommen.}
1/2-1/2

[Event "Sufe Cup"]
[Site "Shanghai"]
[Date "2000.03.14"]
[Round "12"]
[White "Pigusov, Evgeny"]
[Black "Zhang, Zhong"]
[Result "0-1"]
[WhiteElo "2610"]
[BlackElo "2611"]
[Annotator "Horn,Pe"]
[PlyCount "86"]
[EventDate "2000.03.03"]
[EventType "tourn"]
[EventRounds "13"]
[EventCountry "CHN"]
[EventCategory "13"]
[SourceTitle "CBM 076"]
[Source "ChessBase"]
[SourceDate "2000.05.31"]
[SourceVersion "1"]
[SourceVersionDate "2000.05.31"]
[SourceQuality "1"]

1. Nf3 d5 2. g3 Nf6 3. Bg2 Bg4 4. c4 c6 5. O-O e6 6. d3 Be7 7. Be3 Bxf3 $5 $146
(7... Nbd7 {Kortschnoj,V-Spassky,B/Linares 1985}) (7... dxc4 8. dxc4 Qxd1 9.
Rxd1 Nbd7) (7... O-O 8. Qb3) 8. Bxf3 d4 9. Bd2 (9. Bg5) 9... a5 10. e4 {
Eigentlich sollte Weiß doch froh sein, daß dem Bf3 die Sicht erweitert wurde;
warum schränkt er sich jetzt freiwillig ein?} (10. Na3) 10... Nbd7 11. Bg2 h5
12. Qe2 (12. h3 h4 $140 (12... e5 13. f4) 13. g4) 12... e5 13. Na3 (13. h3)
13... h4 14. Nc2 Nc5 15. Rab1 Nfd7 16. f4 Qc7 17. f5 (17. b3 hxg3 18. hxg3 Qd6
19. a3 Qg6 20. Qf3) 17... Qd8 18. Be1 $2 {Seltsam. Vielleicht wollte Weiß den
Bd2 nicht tauschen (lassen)?} hxg3 19. hxg3 (19. Bxg3) 19... Bg5 20. Rd1 $2 (
20. b3 Qf6 $17) 20... Na4 21. Rb1 (21. b3 Nc3 22. Bxc3 dxc3) 21... Qf6 22. Kf2
Ndc5 23. Rh1 Rxh1 24. Bxh1 Qh6 {Jetzt wäre Weiß froh, wenn er den Be1 gegen
den Bg5 tauschen dürfte.} 25. Bg2 Bc1 $1 $19 26. b3 Nb2 27. Rxb2 Bxb2 28. Bd2
Qh7 29. Qf3 f6 30. Ke2 b6 31. Qg4 Bc3 32. Bc1 Na6 33. Kf1 a4 34. bxa4 Nc5 35.
Qd1 Nxa4 36. Ba3 Ba5 37. Bf3 Qh3+ 38. Bg2 Nc3 39. Bxh3 Nxd1 40. Bc1 Bc3 41. a3
Bb2 42. Bxb2 Nxb2 43. Ke2 Kd7 0-1

[Event "Karditsa"]
[Site "Karditsa"]
[Date "1994.??.??"]
[Round "6"]
[White "Pavlovic, Milos"]
[Black "Andrianov, Nikolai Ivanovich"]
[Result "1-0"]
[WhiteElo "2480"]
[BlackElo "2435"]
[Annotator "Horn,Pe"]
[PlyCount "73"]
[EventDate "1994.03.??"]
[EventType "tourn"]
[EventRounds "11"]
[EventCountry "GRE"]
[EventCategory "10"]
[SourceTitle "CBM 043"]
[Source "ChessBase"]
[SourceDate "1994.12.01"]
[SourceVersion "1"]
[SourceVersionDate "1994.12.01"]
[SourceQuality "1"]

1. c4 Nf6 2. g3 c6 3. Nf3 d5 4. Bg2 g6 5. Qa4 Nbd7 6. cxd5 cxd5 7. O-O Bg7 8.
d4 O-O 9. Na3 Nb6 10. Qa5 Bg4 $146 (10... Bf5 11. Bf4 Nc4 $6 12. Nxc4 dxc4 {
Vaganian-Christiansen/Linares/1985} 13. Qb4 $1 (13. Qb5 Qd5 $1) 13... Nd5 14.
Qxc4 Rc8 15. Qb3 Nxf4 16. gxf4 {/\ e3 Vaganian}) 11. Bf4 Ne8 12. Rfd1 Nd6 13.
Rac1 a6 (13... Ndc4 14. Nxc4 Nxc4 (14... dxc4 15. Ne5 (15. b3 cxb3 16. axb3 Nd5
17. Qxd8 Rfxd8 18. Bd2) 15... Bxe2 16. Rd2 Bd3 17. Nxd3 cxd3 18. Bxb7 Qxd4 19.
Bxa8 Rxa8 20. Be3 Qd6 21. Bxb6 Qxb6 22. Qxb6 axb6 23. Rxd3) 15. Qxd8 Rfxd8 16.
b3 Nb6 17. Rc7 $16 Rd7 18. Rxd7 Nxd7 19. Rc1) 14. Rc3 Bd7 15. Bxd6 exd6 16. b3
Bc6 17. Nc2 Nc8 18. Qxd8 Rxd8 19. Ne3 (19. Nb4 Ne7) 19... Ne7 20. h4 Kf8 $2 (
20... f6 {/\ Kf7,Bh6}) 21. Ng5 h6 $2 (21... Kg8 22. Nh3 Bh6) 22. Nh3 $18 {><d5}
Rac8 23. Rc2 (23. Nf4) 23... g5 24. hxg5 hxg5 25. Nxg5 Bh6 26. f4 Bxg5 27. fxg5
Bb5 28. Rcd2 Bc6 29. Rf1 Kg7 30. Rf6 b6 31. Rc2 Bb5 32. Rxc8 Rxc8 33. Kf2 Rd8
34. g4 Bc6 35. Nf5+ Nxf5 36. gxf5 Rd7 37. Rh6 (37. Rh6 Bb7 (37... Rd8 38. Bh3
Bb7 39. f6+ Kg8 40. g6 fxg6 41. Be6+ $18) 38. f6+ Kg8 39. Bh3 Rc7 40. g6 fxg6
41. Be6+ $18) 1-0

[Event "St Petersburg-ch 73rd"]
[Site "St Petersburg"]
[Date "2000.04.04"]
[Round "2"]
[White "Loginov, Valery A"]
[Black "Ivanov, Sergey"]
[Result "1-0"]
[WhiteElo "2512"]
[BlackElo "2543"]
[Annotator "Horn,Pe"]
[PlyCount "89"]
[EventDate "2000.04.03"]
[EventType "tourn"]
[EventRounds "11"]
[EventCountry "RUS"]
[EventCategory "11"]
[SourceTitle "CBM 077"]
[Source "ChessBase"]
[SourceDate "2000.07.27"]
[SourceVersion "1"]
[SourceVersionDate "2000.07.27"]
[SourceQuality "1"]

1. Nf3 d5 2. g3 c6 3. Bg2 Bg4 4. c4 e6 5. cxd5 Bxf3 6. Bxf3 cxd5 7. O-O Nf6 8.
Nc3 Nc6 9. d3 Be7 {Eine bekannte Stellung, die als ausgeglichen gilt. Weiß
kann sich nicht sehr viel auf sein Läuferpaar einbilden, da es wenig Wirkung
entfaltet. Speziell der Bf3 blickt einen gut geschützten Pd5 an. Schwarz hat
die Entwicklungsprobleme gelöst; alle Figuren befinden auf vernünftigen
Positionen. Der erste Feindkontakt wird üblicherweise von Weiß mit Pe2-e4
eingeleitet, er kann sich damit aber Zeit lassen, da jeder schwarze Bauernzug
im Zentrum die eigene Stellung schwächt.} 10. Bg2 ({Eine Alternative ist} 10.
e4) 10... O-O 11. Bd2 ({Es spielt keine größere Rolle, ob man hier mit} 11. a3
{anfängt.}) 11... Qd7 ({häufiger wählt man hier} 11... Rc8) 12. a3 Rab8 (12...
Rac8) (12... Rfc8) 13. b4 (13. Rc1 b5 14. Bf4 Bd6 15. Bg5 b4 16. Bxf6 gxf6 17.
axb4 Nxb4 18. e4 dxe4 19. Nxe4 (19. dxe4 $5) 19... Be7 20. d4 Rfd8 21. Qg4+ Kh8
$15 {Aronian,L-Beliavsky,A/Portoroz 1999/CBM 72}) 13... b5 14. Ra2 Rfc8 (14...
a5 15. bxa5 Nxa5 16. Nxd5 Nxd5 17. e4 $1 (17. Bxa5 b4 $1) 17... Nc6 18. exd5
exd5 $11) 15. Qb1 {[%cal Ye2e4]} Qd8 (15... a5 16. bxa5 Nxa5 17. Nxd5 Nxd5 18.
Bxa5 b4 $1 {[%cal Yd5c3]} 19. Rb2 Nc3 $132) 16. e4 a5 (16... d4 $2 {käme den
weißen Absichten entgegen.}) 17. exd5 axb4 $2 {Das hatte Zeit, denn die
Verwicklungen nach} (17... exd5 18. bxa5 b4 $1 {sind sicher nicht
unvorteilhaft für Schwarz.}) 18. dxc6 bxc3 19. Bxc3 Nd5 20. Be5 Bd6 (20... Rb6
21. Rc1 Rbxc6 22. Rxc6 Rxc6 23. Qxb5 $14 {[%csl Ga3,Gg2]}) 21. Bxd5 exd5 ({
Natürlich nicht} 21... Bxe5 $2 22. Bg2 $16 {[%csl Gc6]}) 22. Qb2 (22. Re1)
22... Bxe5 23. Qxe5 Rxc6 24. Rb2 Re6 (24... Ra6) 25. Qf4 $36 h6 (25... Ra6 26.
Rfb1 Rxa3 (26... Ra5 27. a4 $16) 27. Rxb5 Rxb5 28. Rxb5 Ra8 29. Qd4 $16 {
[%csl Rd5] und der Pd5 fällt.}) 26. Rfb1 Reb6 (26... Qe8 27. a4 b4 28. Kg2 $16
(28. Rxb4 $4 Re1+ $19)) 27. Rb4 Qd7 28. a4 R6b7 (28... R8b7) 29. axb5 Rxb5 30.
Qxb8+ Rxb8 31. Rxb8+ Kh7 32. R1b7 Qf5 ({Nach} 32... Qg4 33. Rxf7 Qd1+ 34. Kg2
Qxd3 35. Rbb7 Qe4+ {entkommt der K mit} 36. Kh3 $18) 33. Rf8 Qxd3 34. Rfxf7 Kg6
35. Rxg7+ Kf6 36. Rbe7 d4 37. Rgf7+ Kg6 38. Rg7+ Kf6 39. Rgf7+ Kg6 40. Rf4 Qc4
(40... Qd1+ 41. Kg2 $18) 41. Re1 Qd5 42. Ree4 d3 43. Rd4 Qb7 44. Rd6+ Kg7 45.
Rfd4 1-0